000 00665nam a22002177a 4500
003 DO-SdBNP
005 20220513130558.0
008 110301s2022 dr 000 0 spa d
020 _a9789945896480
040 _aDO-SdBNP
_bspa
_cBNPHU
082 4 _axxxx
_bC117d
100 1 _aCabral, Euri
_953018
245 1 3 _aEl divorcio no es opción, Jesús es la solución /
_cEuri Cabral, Zinayda Rodríguez
260 _aSanto Domingo :
_bBúho,
_c2022.
300 _a143 p. :
_c23 cm.
500 _aIncluye datos biográficos de los autores.
590 _aInventariado, 2022/ YL
700 1 2 _aRodríguez, Zinayda
_976164
910 _aYLockward
942 _2ddc
_cLBS1
999 _c51722
_d51722